000 00638nam a2200265Ia 4500
005 20260306163559.0
008 008 260114s9999 xx 000 0 eng d
020 _a9781503614369
037 _aEBOOK
040 _aCRL
040 _beng
040 _cCRL
041 _2eng
041 _aeng
084 _qCRL
100 _aElsky
_9910566
245 0 _aWriting Occupation: Jewish 'Emigr'e Voices In Wartime France
260 _bStanford University Press
260 _c2021
650 _aSocial Work
856 _uhttps://academic.oup.com/book/37782
942 _cEBOOK
999 _c1710670
_d1710670